[Event "World ol U16"]
[Site "Ahmedabad"]
[Date "2017.12.13"]
[Round "4.2"]
[White "Rabeea, Sabah Nori"]
[Black "Zhao, Isaac"]
[Result "1/2-1/2"]
[WhiteElo "2039"]
[BlackElo "1975"]
[PlyCount "108"]
[EventDate "2017.12.11"]
[EventType "team-swiss"]
[EventRounds "9"]
[EventCountry "IND"]
[SourceTitle "CBM 182 Extra"]
[Source "ChessBase"]
[SourceDate "2018.02.23"]
[SourceVersion "1"]
[SourceVersionDate "2018.02.23"]
[SourceQuality "1"]
[WhiteTeam "Iraq"]
[BlackTeam "Australia"]
[WhiteTeamCountry "IRQ"]
[BlackTeamCountry "AUS"]

1. d4 Nf6 2. c4 e6 3. Nf3 c5 4. e3 d5 5. Nc3 Nc6 6. Bd3 Be7 7. 0-0 0-0 8. dxc5 dxc4 9. Bxc4 Bxc5 10. e4 Qxd1 11. Rxd1 Ng4 12. Rf1 Nge5 13. Nxe5 Nxe5 14. Be2 a6 15. Bf4 Ng6 16. Bg3 Bd7 17. Rfd1 Bc6 18. Kf1 Rac8 19. a3 Rfd8 20. Rac1 Bd4 21. f3 Be3 22. Rb1 Nf4 23. Bf2 Nxe2 24. Kxe2 Bxf2 25. Kxf2 Kf8 26. Ke3 f6 27. Rbc1 Rxd1 28. Rxd1 Ke7 29. Ne2 Bd7 30. Rc1 Rxc1 31. Nxc1 Kd6 32. Nd3 e5 33. g3 Be6 34. f4 Bc4 35. Ne1 g5 36. fxg5 fxg5 37. Nf3 h6 38. Nd2 Be6 39. Kd3 Bf7 40. Nf1 g4 41. Ne3 Be6 42. Nd1 Bf7 43. Nc3 Bb3 44. Ne2 Be6 45. Kc3 Bd7 46. Kc2 Bc6 47. Nc3 Kc5 48. Kd3 Bb5+ 49. Nxb5 Kxb5 50. b3 Kc5 51. Kc3 b5 52. Kd3 a5 53. Kc3 Kc6 54. Kd3 Kc5 1/2-1/2

[Event "Oceania zt 3.6"]
[Site "Auckland"]
[Date "2017.01.17"]
[Round "5"]
[White "Polishchuk, Kirill"]
[Black "Zhao, Isaac"]
[Result "1-0"]
[WhiteElo "2175"]
[BlackElo "1838"]
[PlyCount "59"]
[EventDate "2017.01.14"]
[EventType "swiss"]
[EventRounds "9"]
[EventCountry "NZL"]
[SourceTitle "CBM 176 Extra"]
[Source "ChessBase"]
[SourceDate "2017.03.02"]
[SourceVersion "1"]
[SourceVersionDate "2017.03.02"]
[SourceQuality "1"]

1. e4 c6 2. d4 d5 3. exd5 cxd5 4. Bd3 Nc6 5. c3 Nf6 6. h3 g6 7. Nf3 Bg7 8. Bf4 0-0 9. 0-0 Bd7 10. Nbd2 Qc8 11. Re1 Bf5 12. Nf1 Bxd3 13. Qxd3 Ne4 14. N1d2 Qf5 15. Bh2 Nxd2 16. Qxd2 Rfe8 17. Re2 Na5 18. Rae1 Nc4 19. Qc1 Bf6 20. b3 Nb6 21. Be5 Rac8 22. g4 Qe6 23. Qh6 Bxe5 24. Ng5 Qf6 25. Qxh7+ Kf8 26. Rxe5 Rxc3 27. Re6 Qg7 28. Rxg6 Rg3+ 29. fxg3 Qxd4+ 30. Kh1 1-0

[Event "Oceania zt 3.6"]
[Site "Auckland"]
[Date "2017.01.17"]
[Round "6"]
[White "Zhao, Isaac"]
[Black "Lim, Christopher"]
[Result "1-0"]
[WhiteElo "1838"]
[BlackElo "1691"]
[PlyCount "79"]
[EventDate "2017.01.14"]
[EventType "swiss"]
[EventRounds "9"]
[EventCountry "NZL"]
[SourceTitle "EXT 2018"]
[Source "ChessBase"]
[SourceDate "2017.10.13"]
[SourceVersion "1"]
[SourceVersionDate "2017.10.13"]
[SourceQuality "1"]

1. Nf3 d5 2. d4 Nf6 3. Bf4 c5 4. e3 Nc6 5. Nbd2 cxd4 6. exd4 Bf5 7. c3 e6 8. Be2 Bd6 9. Bxd6 Qxd6 10. 0-0 0-0 11. Nh4 Bg6 12. Nxg6 hxg6 13. Qc2 Rac8 14. Qd3 Rfe8 15. f4 Kf8 16. Qh3 Ke7 17. Rae1 Rh8 18. Qg3 Rh6 19. Bd3 Kd7 20. h3 Rhh8 21. Qe3 a6 22. Nb3 Kc7 23. Nc5 Nd7 24. b4 Nxc5 25. dxc5 Qd7 26. Qd2 Na7 27. Qe2 Nc6 28. a4 d4 29. b5 Ne7 30. Qe5+ Kd8 31. Qxg7 Rg8 32. Qxf7 Re8 33. Rxe6 Rxc5 34. Qf6 Kc8 35. c4 a5 36. Rfe1 Rc7 37. Bxg6 Rd8 38. Rxe7 Qd6 39. Qxd6 Rxd6 40. Re8+ 1-0

[Event "Oceania zt 3.6"]
[Site "Auckland"]
[Date "2017.01.15"]
[Round "3"]
[White "James, Jack"]
[Black "Zhao, Isaac"]
[Result "1/2-1/2"]
[WhiteElo "2012"]
[BlackElo "1838"]
[PlyCount "27"]
[EventDate "2017.01.14"]
[EventType "swiss"]
[EventRounds "9"]
[EventCountry "NZL"]
[SourceTitle "CBM 176 Extra"]
[Source "ChessBase"]
[SourceDate "2017.03.02"]
[SourceVersion "1"]
[SourceVersionDate "2017.03.02"]
[SourceQuality "1"]

1. e4 c6 2. d3 d5 3. Nd2 e5 4. Ngf3 Bd6 5. d4 exd4 6. exd5 c5 7. Bb5+ Bd7 8. Qe2+ Ne7 9. Ne4 Qc7 10. Bg5 Bxb5 11. Qxb5+ Nd7 12. 0-0-0 f6 13. Bd2 0-0-0 14. c4 1/2-1/2